Singular rebelion
I tiakina i:
| Kaituhi matua: | |
|---|---|
| Hōputu: | Pukapuka |
| Reo: | Ingarihi |
| I whakaputaina: |
Tokio
Kodansha International
1990
|
| Ngā marau: | |
| Ngā Tūtohu: |
Tāpirihia he Tūtohu
Kāore He Tūtohu, Me noho koe te mea tuatahi ki te tūtohu i tēnei pūkete!
|
MARC
| LEADER | 00000nam a2200000 a 4500 | ||
|---|---|---|---|
| 001 | UCY1474 | ||
| 003 | CL-VaPUC | ||
| 008 | 940905e19900000JA |||||||||||||||||eng|d | ||
| 082 | 0 | 4 | |a 895.603 |b MAR |2 21 |
| 100 | |a Maruya, Saiichi |e autor |9 329469 | ||
| 245 | 1 | 0 | |a Singular rebelion |
| 300 | |a 412 p | ||
| 942 | |c BK | ||
| 945 | |d 19940905 00:00:00 |a rbrito | ||
| 260 | |a Tokio |b Kodansha International |c 1990 | ||
| 650 | 7 | |a NOVELAS JAPONESAS |2 CL-VaPUC |9 329470 | |
| 583 | |a last modification |c 19940905 00:00:00 |k Rodrigo Vera | ||
| 999 | |c 230168 |d 230166 | ||
| 952 | |0 0 |1 0 |4 0 |6 895_603000000000000_MAR_1990 |7 0 |8 A |9 232211 |a BIBGIM |b BIBGIM |d 2019-11-15 |i 3015424 |o 895.603 MAR 1990 |p 3015424 |r 2025-01-15 |w 2019-11-15 |y BK |k ORI | ||